Archives and automation : An annotated bibliograpy
| Main Author: | |
|---|---|
| Format: | Book |
| Published: |
Kuala Lumpur :
Arkib Negara Malaysia ,
1991
|
| Series: | Siri bibliografi
|
| Subjects: |
MARC
| LEADER | 00000cam a2200000 7i4500 | ||
|---|---|---|---|
| 001 | 0000001013 | ||
| 005 | 20131208.0 | ||
| 090 | 0 | 0 | |a 016 |b WAN 1991 |
| 100 | 0 | 0 | |a WAN Faridah Hanim bt Wan Omar |
| 245 | 1 | 0 | |a Archives and automation : |b An annotated bibliograpy |c disusun oleh Wan Faridah Hanim bt Wan Omar |
| 260 | 0 | 0 | |a Kuala Lumpur : |b Arkib Negara Malaysia , |c 1991 |
| 300 | |a vi, 35 p. ; |c 21 cm. | ||
| 440 | 0 | 0 | |a Siri bibliografi |
| 650 | 0 | 0 | |a Archives |x Automation |x Bibliography |
| 998 | |a JPSM | ||
| 999 | |a 0000000216 |b Monograph |c Open Shelf |e Default branch | ||